000 00443nam a2200169Ia 4500
008 090124s9999 xx 000 0 und d
082 _b42373
100 _aआनंद मुल्कराज
245 _a शहीद
250 _a0
300 _a111
600 _aआनंद मुल्कराज
630 _a शहीद
700 _aआनंद मुल्कराज
730 _a शहीद
942 _cBOOK
999 _c108543
_d108543